<?xml version="1.0" encoding="UTF-8"?>
<record
    xmlns:xsi="http://www.w3.org/2001/XMLSchema-instance"
    xsi:schemaLocation="http://www.loc.gov/MARC21/slim http://www.loc.gov/standards/marcxml/schema/MARC21slim.xsd"
    xmlns="http://www.loc.gov/MARC21/slim">

  <leader>01002nam a22002537a 4500</leader>
  <controlfield tag="001">3841</controlfield>
  <controlfield tag="003">CDMR</controlfield>
  <controlfield tag="005">20151103110001.0</controlfield>
  <controlfield tag="008">130130s1995||||||||||||||||||||||||||||d</controlfield>
  <datafield tag="040" ind1=" " ind2=" ">
    <subfield code="a">CDMR</subfield>
    <subfield code="b">cat</subfield>
    <subfield code="c">CPC GIRONA</subfield>
  </datafield>
  <datafield tag="245" ind1="0" ind2="0">
    <subfield code="a">200 anys de premsa di&#xE0;ria a Catalunya</subfield>
    <subfield code="b">(1792-1992)</subfield>
  </datafield>
  <datafield tag="260" ind1=" " ind2=" ">
    <subfield code="b">Fundaci&#xF3; Caixa de Catalunya :</subfield>
    <subfield code="b">Arxiu Hist&#xF2;ric de la Ciutat : </subfield>
    <subfield code="b">Col&#xB7;legi de Periodistes de Catalunya</subfield>
    <subfield code="a">[Barcelona]</subfield>
    <subfield code="c">DL 1995</subfield>
  </datafield>
  <datafield tag="300" ind1=" " ind2=" ">
    <subfield code="a">543 p. :</subfield>
    <subfield code="b">il. ; </subfield>
    <subfield code="c">24 cm</subfield>
  </datafield>
  <datafield tag="504" ind1=" " ind2=" ">
    <subfield code="a">Bibliografia: p. 535-537. &#xCD;ndex</subfield>
  </datafield>
  <datafield tag="650" ind1="0" ind2="7">
    <subfield code="2">lemac</subfield>
    <subfield code="9">1524</subfield>
    <subfield code="a">Premsa</subfield>
    <subfield code="x">Hist&#xF2;ria</subfield>
    <subfield code="z">Catalunya</subfield>
  </datafield>
  <datafield tag="650" ind1="0" ind2="7">
    <subfield code="2">lemac</subfield>
    <subfield code="9">195</subfield>
    <subfield code="a">Premsa</subfield>
    <subfield code="x">Cat&#xE0;legs</subfield>
    <subfield code="z">Catalunya</subfield>
  </datafield>
  <datafield tag="650" ind1="0" ind2="7">
    <subfield code="2">lemac</subfield>
    <subfield code="9">195</subfield>
    <subfield code="a">Premsa</subfield>
    <subfield code="y">1792-1992</subfield>
    <subfield code="z">Catalunya</subfield>
  </datafield>
  <datafield tag="650" ind1="2" ind2="0">
    <subfield code="2">lemac </subfield>
    <subfield code="9">195</subfield>
    <subfield code="a">Premsa</subfield>
    <subfield code="x">Exposicions</subfield>
    <subfield code="z">Catalunya</subfield>
  </datafield>
  <datafield tag="740" ind1="0" ind2=" ">
    <subfield code="a">Dos-cents anys de premsa di&#xE0;ria a Catalunya</subfield>
  </datafield>
  <datafield tag="710" ind1="1" ind2=" ">
    <subfield code="9">133</subfield>
    <subfield code="a">Col&#xB7;legi de Periodistes de Catalunya</subfield>
  </datafield>
  <datafield tag="710" ind1="2" ind2=" ">
    <subfield code="9">3217</subfield>
    <subfield code="a">Arxiu Hist&#xF2;ric de la Ciutat (Barcelona, Catalunya)</subfield>
  </datafield>
  <datafield tag="710" ind1="2" ind2=" ">
    <subfield code="9">2823</subfield>
    <subfield code="a">Fundaci&#xF3; Caixa de Catalunya</subfield>
  </datafield>
  <datafield tag="942" ind1=" " ind2=" ">
    <subfield code="c">MON</subfield>
  </datafield>
  <datafield tag="999" ind1=" " ind2=" ">
    <subfield code="c">3841</subfield>
    <subfield code="d">3841</subfield>
  </datafield>
  <datafield tag="952" ind1=" " ind2=" ">
    <subfield code="0">0</subfield>
    <subfield code="1">0</subfield>
    <subfield code="4">0</subfield>
    <subfield code="7">0</subfield>
    <subfield code="a">LLEIDA</subfield>
    <subfield code="b">LLEIDA</subfield>
    <subfield code="d">2011-08-08</subfield>
    <subfield code="l">0</subfield>
    <subfield code="o">514PER</subfield>
    <subfield code="p">LLEIDA1312613861</subfield>
    <subfield code="r">2013-01-16</subfield>
    <subfield code="w">2013-01-16</subfield>
    <subfield code="y">MON</subfield>
  </datafield>
  <datafield tag="952" ind1=" " ind2=" ">
    <subfield code="0">0</subfield>
    <subfield code="1">0</subfield>
    <subfield code="4">0</subfield>
    <subfield code="7">0</subfield>
    <subfield code="8">ARAGO</subfield>
    <subfield code="a">GIRONA</subfield>
    <subfield code="b">GIRONA</subfield>
    <subfield code="d">2010-12-03</subfield>
    <subfield code="l">0</subfield>
    <subfield code="o">Du 562</subfield>
    <subfield code="p">GIRONA1311613055</subfield>
    <subfield code="r">2013-01-16</subfield>
    <subfield code="w">2013-01-16</subfield>
    <subfield code="y">MON</subfield>
  </datafield>
  <datafield tag="952" ind1=" " ind2=" ">
    <subfield code="0">0</subfield>
    <subfield code="1">0</subfield>
    <subfield code="4">0</subfield>
    <subfield code="7">0</subfield>
    <subfield code="a">GIRONA</subfield>
    <subfield code="b">GIRONA</subfield>
    <subfield code="d">2010-12-03</subfield>
    <subfield code="l">0</subfield>
    <subfield code="o">Du 563</subfield>
    <subfield code="p">GIRONA1311613056</subfield>
    <subfield code="r">2013-01-16</subfield>
    <subfield code="w">2013-01-16</subfield>
    <subfield code="y">MON</subfield>
  </datafield>
  <datafield tag="952" ind1=" " ind2=" ">
    <subfield code="0">0</subfield>
    <subfield code="1">0</subfield>
    <subfield code="4">0</subfield>
    <subfield code="7">1</subfield>
    <subfield code="a">TARRAGONA</subfield>
    <subfield code="b">TARRAGONA</subfield>
    <subfield code="d">2013-07-24</subfield>
    <subfield code="l">0</subfield>
    <subfield code="o">PPR</subfield>
    <subfield code="p">TARRAGONA13076861</subfield>
    <subfield code="r">2013-07-24</subfield>
    <subfield code="w">2013-07-24</subfield>
    <subfield code="y">MON</subfield>
  </datafield>
  <datafield tag="952" ind1=" " ind2=" ">
    <subfield code="0">0</subfield>
    <subfield code="1">0</subfield>
    <subfield code="4">0</subfield>
    <subfield code="7">0</subfield>
    <subfield code="a">CDMR</subfield>
    <subfield code="b">CDMR</subfield>
    <subfield code="d">2015-04-28</subfield>
    <subfield code="e">Donaci&#xF3;</subfield>
    <subfield code="g">36.00</subfield>
    <subfield code="l">1</subfield>
    <subfield code="m">1</subfield>
    <subfield code="o">Du 7/53</subfield>
    <subfield code="p">CDMR15042567</subfield>
    <subfield code="r">2016-11-03</subfield>
    <subfield code="s">2016-09-08</subfield>
    <subfield code="v">36.00</subfield>
    <subfield code="w">2015-04-28</subfield>
    <subfield code="y">REF</subfield>
  </datafield>
</record>
